The girl who survived : (Record no. 4930)

MARC details
000 -LEADER
fixed length control field 01086nam a22002897a 4500
001 - CONTROL NUMBER
control field 4930
003 - CONTROL NUMBER IDENTIFIER
control field FISKH
005 - DATE AND TIME OF LATEST TRANSACTION
control field 20251030083750.0
008 - FIXED-LENGTH DATA ELEMENTS--GENERAL INFORMATION
fixed length control field 241025b cb ||||| |||| 00| 0 eng d
020 ## - INTERNATIONAL STANDARD BOOK NUMBER
International Standard Book Number 9780545175746
040 ## - CATALOGING SOURCE
Original cataloging agency FISKH
Language of cataloging eng
Transcribing agency FISKH
Modifying agency FISKH
050 ## - LIBRARY OF CONGRESS CALL NUMBER
Classification number DS134.72
082 ## - DEWEY DECIMAL CLASSIFICATION NUMBER
Classification number 940.531503924
100 ## - MAIN ENTRY--PERSONAL NAME
Personal name Brandman, Bronia
245 ## - TITLE STATEMENT
Title The girl who survived :
Remainder of title A true story of the Holocaust /
250 ## - EDITION STATEMENT
Edition statement First Scholastic printing, September 2010
260 ## - PUBLICATION, DISTRIBUTION, ETC.
Place of publication, distribution, etc. New York :
Name of publisher, distributor, etc. Scholastic ;
Date of publication, distribution, etc. 2010 .
300 ## - PHYSICAL DESCRIPTION
Extent 91 pages :
Other physical details illustrations ;
Dimensions 20 cm .
505 ## - FORMATTED CONTENTS NOTE
Formatted contents note Z <br/>
520 ## - SUMMARY, ETC.
Summary, etc. Bronia helped her family survive during the occupation of Poland by smuggling goods to trade for food. Then Bronia and her sisters were deported to Auschwitz II-Birkenau concentration camp and with courage and the help of strangers Bronia became one of the youngest survivors.
521 8# - TARGET AUDIENCE NOTE
Target audience note 910 <br/>
Source Lexile <br/>
521 8# - TARGET AUDIENCE NOTE
Target audience note Z <br/>
Source Raz-Plus <br/>
650 ## - SUBJECT ADDED ENTRY--TOPICAL TERM
Topical term or geographic name entry element biography
Form subdivision non-fiction
700 ## - ADDED ENTRY--PERSONAL NAME
Personal name Bierman, Carol
Relator term illustrator
942 ## - ADDED ENTRY ELEMENTS (KOHA)
Source of classification or shelving scheme Dewey Decimal Classification
Koha item type Books
Suppress in OPAC No
Holdings
Withdrawn status Lost status Source of classification or shelving scheme Damaged status Not for loan Collection Home library Current library Shelving location Date acquired Total Checkouts Full call number Barcode Date last seen Copy number Price effective from Koha item type
    Dewey Decimal Classification     Non-Fiction Footprints International School Library Network Toul Tom Poung Campus Footprints International School Library Network Toul Tom Poung Campus TTP Secondary Non-Fiction Bookshelves 10/25/2024   BRA 940.531503924 DS134.72 FISSE00449 10/25/2024 1 10/25/2024 Books
    Dewey Decimal Classification     Non-Fiction Footprints International School Library Network Toul Tom Poung Campus Footprints International School Library Network Toul Tom Poung Campus TTP Secondary Non-Fiction Bookshelves 10/25/2024   BRA 940.531503924 DS134.72 FISSE00450 11/06/2024 2 10/25/2024 Books
    Dewey Decimal Classification     Non-Fiction Footprints International School Library Network Toul Tom Poung Campus Footprints International School Library Network Toul Tom Poung Campus TTP Secondary Non-Fiction Bookshelves 10/25/2024   BRA 940.531503924 DS134.72 FISSE01429 11/07/2024 3 10/25/2024 Books
    Dewey Decimal Classification     Non-Fiction Footprints International School Library Network Toul Tom Poung Campus Footprints International School Library Network Toul Tom Poung Campus TTP Secondary Non-Fiction Bookshelves 10/30/2025   BRA 940.531503924 DS134.72 FIS00531 10/30/2025 4 10/30/2025 Books